000 00510cam a22001814a 4500
020 _a0120445654 (alk. paper)
020 _a9780120445653 (alk. paper)
040 _cCOO
082 0 0 _a571 AGR 2005 A118 Or.
100 1 _aAgrios, George N.,
245 1 0 _aPlant pathology /
250 _a5th ed.
260 _aAmsterdam ;
_aBoston :
_bElsevier Academic Press,
_c2005.
300 _axxiii, 922 p. :
_bill. (chiefly col.) ;
_c29 cm.
650 0 _aPlant diseases.
650 4 _aPlant Pathology.
942 _cAEDBB
999 _c20760
_d20760